LEADER 04006nam 2200973z- 450 001 9910557338003321 005 20220111 035 $a(CKB)5400000000042498 035 $a(oapen)https://directory.doabooks.org/handle/20.500.12854/76723 035 $a(oapen)doab76723 035 $a(EXLCZ)995400000000042498 100 $a20202201d2021 |y 0 101 0 $aeng 135 $aurmn|---annan 181 $ctxt$2rdacontent 182 $cc$2rdamedia 183 $acr$2rdacarrier 200 00$aEnhancement of Industrial Energy Efficiency and Sustainability 210 $aBasel, Switzerland$cMDPI - Multidisciplinary Digital Publishing Institute$d2021 215 $a1 online resource (294 p.) 311 08$a3-0365-1565-8 311 08$a3-0365-1566-6 330 $aIndustrial energy efficiency has been recognized as a major contributor, in the broader set of industrial resources, to improved sustainability and circular economy. Nevertheless, the uptake of energy efficiency measures and practices is still quite low, due to the existence of several barriers. Research has broadly discussed them, together with their drivers. More recently, many researchers have highlighted the existence of several benefits, beyond mere energy savings, stemming from the adoption of such measures, for several stakeholders involved in the value chain of energy efficiency solutions. Nevertheless, a deep understanding of the relationships between the use of the energy resource and other resources in industry, together with the most important factors for the uptake of such measures-also in light of the implications on the industrial operations-is still lacking. However, such understanding could further stimulate the adoption of solutions for improved industrial energy efficiency and sustainability. 606 $aResearch & information: general$2bicssc 606 $aTechnology: general issues$2bicssc 610 $aadvanced exergoeconomic analysis 610 $aassessment factors 610 $aassessment model 610 $abiomass 610 $abuilding 610 $aburied tubes 610 $acarbon abatement 610 $acarbon abatement measures 610 $aclimate transition 610 $aCO2 emissions 610 $acogeneration 610 $acompressed air systems 610 $aconstruction 610 $acontaminated soil 610 $adecarbonization 610 $adusty flue gas 610 $aemissions reduction 610 $aenergy analysis and exergy analysis 610 $aenergy efficiency 610 $aenergy efficiency culture 610 $aenergy efficiency measures 610 $aenergy efficiency practices 610 $aenergy management 610 $aenergy management practices 610 $aenergy saving 610 $aexergy destruction cost rate 610 $agranular bed 610 $aheat integration 610 $aheat transfer 610 $aheavy industry 610 $aindustrial energy efficiency 610 $ainterviews 610 $airon and steel industry 610 $amulti-agent cooperation 610 $anonenergy benefits 610 $aoil refinery 610 $aoperability 610 $aoptimal carbon-energy combined-flow 610 $apolluted soil 610 $areduced-dimension Q(?) 610 $aretrofit 610 $aroadmap 610 $aspray dryer 610 $asupply chain 610 $asustainability 610 $atechno-economic pathways 610 $athermal desorption 610 $athermal remediation 610 $atrigeneration 610 $atropical climate country 610 $awaste heat recovery 615 7$aResearch & information: general 615 7$aTechnology: general issues 700 $aTrianni$b Andrea$4edt$01322901 702 $aTrianni$b Andrea$4oth 906 $aBOOK 912 $a9910557338003321 996 $aEnhancement of Industrial Energy Efficiency and Sustainability$93035239 997 $aUNINA LEADER 02737nam 2200469z- 450 001 9910261144803321 005 20210211 035 $a(CKB)4100000002484644 035 $a(oapen)https://directory.doabooks.org/handle/20.500.12854/41479 035 $a(oapen)doab41479 035 $a(EXLCZ)994100000002484644 100 $a20202102d2016 |y 0 101 0 $aeng 135 $aurmn|---annan 181 $ctxt$2rdacontent 182 $cc$2rdamedia 183 $acr$2rdacarrier 200 00$aAt Risk for Neuropsychiatric Disorders: An Affective Neuroscience Approach to Understanding the Spectrum 210 $cFrontiers Media SA$d2016 215 $a1 online resource (260 p.) 225 1 $aFrontiers Research Topics 311 08$a2-88945-026-0 330 $aNeuropsychiatric disorders such as schizophrenia, bipolar disorder, depression, anxiety disorders, and other mental disorders constitute about 13% of the global burden of disease surpassing both cardiovascular disease and cancer. The total cost worldwide of these diseases is estimated to exceed 100 million disability-adjusted life years. In order to begin to address this important problem, the present Research Topic brings together a group of leading affective neuroscience researchers to present their state-of-the-art findings using an affective neuroscience approach to investigate the spectrum of neuropsychiatric disorders from patients to those at risk. They focus on different aspects of the emotional and social cognitive disturbances which are core features of neuropsychiatric disorders. While progress has been slow over last couple of decades, we are finally beginning to glimpse some of the underlying neural mechanisms of the emotional and social cognitive disturbances in patients and those at risk. With the technological advances in affective neuroscience and neuroimaging presented in this volume, we hope that progress will be much swifter in the coming years such that we can provide better care for patients and those at risk. 517 $aAt Risk for Neuropsychiatric Disorders 606 $aNeurosciences$2bicssc 610 $aAffective Neuroscience 610 $aAnhedonia 610 $acompulsivity 610 $acomputational neuroscience 610 $aimpulsivity 610 $aNeuroimaging 610 $aNeuropsychiatry 610 $aPleasure 610 $areward processing 610 $astress 615 7$aNeurosciences 700 $aKringelbach$b Morten L$4auth$01279026 702 $aChan$b Raymond C. K$4auth 906 $aBOOK 912 $a9910261144803321 996 $aAt Risk for Neuropsychiatric Disorders: An Affective Neuroscience Approach to Understanding the Spectrum$93014443 997 $aUNINA LEADER 02664oam 2200601 a 450 001 9910974000103321 005 20251116153337.0 010 0 $a9780191534492 010 0 $a0191534498 010 $a9781280757921 010 $a1280757922 010 $a9780191705908 010 $a019170590X 035 $a(MiAaPQ)EBC7036200 035 $a(CKB)24235094300041 035 $a(MiAaPQ)EBC422671 035 $a(Au-PeEL)EBL422671 035 $a(CaPaEBR)ebr10271721 035 $a(CaONFJC)MIL75792 035 $a(OCoLC)476258766 035 $a(Au-PeEL)EBL7036200 035 $a(OCoLC)252634938 035 $a(EXLCZ)9924235094300041 100 $a20050727d2005 fy 0 101 0 $aeng 135 $aur||||||||||| 181 $ctxt$2rdacontent 182 $cc$2rdamedia 183 $acr$2rdacarrier 200 14$aThe verbal complex in romance $ea case study in grammatical interfaces /$fPaola Monachesi 205 $a1st ed. 210 $aOxford ;$aNew York $cOxford University Press$d2005 210 1$aOxford ;$aNew York :$cOxford University Press,$d2005. 215 $a1 online resource (285 pages) $cillustrations 225 1 $aOxford linguistics 225 1 $aOxford studies in theoretical linguistics ;$v9 311 08$a9780199274758 320 $aIncludes bibliographical references (p. [267]-280) and index. 327 $aGeneral Preface; Dedication; Abbreviations; Acknowledgements; 1 Introduction; 2 The Framework; 3 Morphology and its Interfaces: The Case of Romance Clitics; 4 Syntax and its Interfaces: The Case of Romance Auxiliary Verbs; 5 Phonology and its Interfaces: The Case of Italian Restructuring Verbs; References; Index 330 $aThis book explores the interface between syntax and phonology, morphology, and argument structure. The author presents case studies, such as clitics and auxiliary and modal verbs in Romance, and grounds theoretical analysis in constant exemplification. This is a valuable contribution to the study of grammatical interfaces and to Romance verbal typology and comparative linguistics. - ;This book explores the interface between syntax and the other components of the grammar, in particular phonology, morphology, and argument structure. 410 0$aOxford linguistics. 410 0$aOxford studies in theoretical linguistics ;$v9. 606 $aRomance languages$xVerb 615 0$aRomance languages$xVerb. 676 $a440.0456 700 $aMonachesi$b Paola$0223717 801 0$bMiAaPQ 801 1$bMiAaPQ 801 2$bMiAaPQ 906 $aBOOK 912 $a9910974000103321 996 $aThe verbal complex in romance$94367809 997 $aUNINA